[Event "SLO-chT1 East"]
[Site "Slovenia"]
[Date "2019.09.22"]
[Round "6.2"]
[White "Cmor, Nino"]
[Black "Vrban, Rok"]
[Result "0-1"]
[WhiteElo "2058"]
[BlackElo "2115"]
[PlyCount "92"]
[EventDate "2019.09.06"]
[EventType "team-tourn"]
[EventRounds "9"]
[EventCountry "SLO"]
[SourceTitle "EXT 2020"]
[Source "ChessBase"]
[SourceDate "2019.10.17"]
[SourceVersion "1"]
[SourceVersionDate "2019.10.17"]
[SourceQuality "1"]
[WhiteTeam "Pomgrad Radenska II"]
[BlackTeam "Maribor II"]
[WhiteTeamCountry "SLO"]
[BlackTeamCountry "SLO"]

1. e4 c6 2. d4 d5 3. f3 Qb6 4. Nc3 dxe4 5. fxe4 e5 6. Nf3 exd4 7. Nxd4 Nd7 8. Nf5 Ngf6 9. Nd6+ Bxd6 10. Qxd6 Qc5 11. Bf4 Qxd6 12. Bxd6 Ng4 13. Be2 Nge5 14. 0-0-0 f6 15. Bh5+ g6 16. Be2 Kf7 17. Rhf1 Kg7 18. Rf2 Re8 19. Rdf1 Re6 20. Bc7 b6 21. Nd1 Bb7 22. Ne3 Rae8 23. Bxe5 Nxe5 24. g4 Rd8 25. g5 fxg5 26. Ng4 Rd7 27. h3 Rde7 28. Ne3 b5 29. Rf8 Re8 30. R8f2 R6e7 31. c4 a6 32. Kc2 Bc8 33. Ng4 Bxg4 34. hxg4 bxc4 35. Kc3 c5 36. b3 cxb3 37. axb3 Rd8 38. Rf6 Rd4 39. Rxa6 Rxe4 40. Bb5 Re3+ 41. Kc2 Nxg4 42. Ra8 Nf6 43. Rc8 R3e5 44. Bc4 g4 45. Rc6 Nd5 46. Kd3 Nb4+ 0-1

[Event "SLO-chT1 East"]
[Site "Slovenia"]
[Date "2019.09.20"]
[Round "4.3"]
[White "Adam, Miroslav"]
[Black "Vrban, Rok"]
[Result "0-1"]
[WhiteElo "2106"]
[BlackElo "2115"]
[PlyCount "90"]
[EventDate "2019.09.06"]
[EventType "team-tourn"]
[EventRounds "9"]
[EventCountry "SLO"]
[SourceTitle "EXT 2020"]
[Source "ChessBase"]
[SourceDate "2019.10.17"]
[SourceVersion "1"]
[SourceVersionDate "2019.10.17"]
[SourceQuality "1"]
[WhiteTeam "Fram"]
[BlackTeam "Maribor II"]
[WhiteTeamCountry "SLO"]
[BlackTeamCountry "SLO"]

1. d4 Nf6 2. g3 e6 3. Bg2 c5 4. Nf3 d5 5. 0-0 Nc6 6. c4 Be7 7. cxd5 Nxd5 8. Nc3 Nxc3 9. bxc3 0-0 10. Bf4 Qa5 11. Qb3 cxd4 12. cxd4 Bf6 13. Bd2 Qh5 14. Bc3 Rb8 15. e4 b6 16. e5 Be7 17. Nd2 Bb7 18. Rab1 Rfd8 19. Qa4 Rbc8 20. Ne4 Qe2 21. Bb2 Nxe5 22. Rfe1 Qc4 23. Qd1 Bb4 24. Re2 Bd5 25. Bc1 Nc6 26. a3 Qxd4 27. Bb2 Qxd1+ 28. Rxd1 Be7 29. Rc1 Na5 30. Rxc8 Rxc8 31. Nd6 Rc5 32. Bxd5 Rxd5 33. Rc2 Rc5 34. Rd2 Kf8 35. Ne4 Rc7 36. Rd3 Ke8 37. Nd6+ Kf8 38. Nb5 Rb7 39. Rc3 Bc5 40. a4 a6 41. Nd6 Rc7 42. Ne4 Nb7 43. a5 Nxa5 44. Nxc5 bxc5 45. Ra3 Nc4 0-1

[Event "Verbandsliga Suedbaden 1617"]
[Site "Baden"]
[Date "2017.03.12"]
[Round "7.4"]
[White "Cepo, Toni"]
[Black "Vrban, Rok"]
[Result "0-1"]
[WhiteElo "2116"]
[BlackElo "2115"]
[PlyCount "74"]
[EventDate "2016.10.09"]
[EventType "team-tourn"]
[EventRounds "9"]
[EventCountry "GER"]
[SourceTitle "EXT 2022"]
[Source "ChessBase"]
[SourceDate "2021.10.06"]
[SourceVersion "1"]
[SourceVersionDate "2021.10.06"]
[SourceQuality "1"]
[WhiteTeam "Engen"]
[BlackTeam "Zaehringen"]
[WhiteTeamCountry "GER"]
[BlackTeamCountry "GER"]

1. e4 e5 2. Nc3 Nf6 3. a3 Nc6 4. Nf3 g6 5. d4 exd4 6. Nxd4 Bg7 7. Nxc6 bxc6 8. Bc4 0-0 9. 0-0 d6 10. h3 Rb8 11. Rb1 Re8 12. Qf3 Be6 13. Bxe6 Rxe6 14. Bg5 Qe8 15. Bxf6 Bxf6 16. Qe3 Rb7 17. Qd3 Qb8 18. b3 Qe8 19. f3 Re5 20. Rbd1 Ra5 21. a4 Qe5 22. Ne2 Rb4 23. c4 Ra6 24. f4 Qc5+ 25. Kh1 Rab6 26. e5 Rxb3 27. Nc3 dxe5 28. Ne4 Rxd3 29. Nxc5 Rxd1 30. Rxd1 Rb4 31. fxe5 Be7 32. Na6 Rxa4 33. Nxc7 Rxc4 34. Ne8 Bg5 35. Nf6+ Kg7 36. Ne8+ Kf8 37. Nd6 Rc1 0-1

[Event "Skopje Karposh op"]
[Site "Skopje"]
[Date "2015.04.01"]
[Round "7"]
[White "Vrban, Rok"]
[Black "Kalofonos, Panayotis"]
[Result "1-0"]
[WhiteElo "2124"]
[BlackElo "1975"]
[PlyCount "67"]
[EventDate "2015.03.27"]
[EventType "swiss"]
[EventRounds "9"]
[EventCountry "MKD"]
[SourceTitle "CBM 165 Extra"]
[Source "ChessBase"]
[SourceDate "2015.04.21"]
[SourceVersion "1"]
[SourceVersionDate "2015.04.21"]
[SourceQuality "1"]

1. Nf3 d6 2. b3 f5 3. Bb2 e5 4. d3 Nf6 5. Nbd2 g6 6. e4 Bg7 7. g3 0-0 8. Bg2 Nc6 9. 0-0 fxe4 10. dxe4 Bh6 11. Ne1 Bg4 12. f3 Be6 13. Qe2 Nh5 14. Nc4 Rf7 15. Rd1 Qf8 16. Nd3 Bg5 17. Nf2 b5 18. Ne3 a6 19. Nd5 Bd8 20. Nh3 h6 21. f4 Bxd5 22. exd5 Nd4 23. Qg4 Kh7 24. fxe5 dxe5 25. Bxd4 Nf6 26. Rxf6 Bxf6 27. Be3 Rd8 28. Be4 Qg7 29. c4 Rfd7 30. c5 Be7 31. Nf2 Qf6 32. Qe2 Bf8 33. h4 Kh8 34. Ng4 1-0

[Event "Skopje Karposh op"]
[Site "Skopje"]
[Date "2015.03.31"]
[Round "6"]
[White "Yanev, Tihomir"]
[Black "Vrban, Rok"]
[Result "1-0"]
[WhiteElo "2419"]
[BlackElo "2124"]
[PlyCount "85"]
[EventDate "2015.03.27"]
[EventType "swiss"]
[EventRounds "9"]
[EventCountry "MKD"]
[SourceTitle "CBM 165 Extra"]
[Source "ChessBase"]
[SourceDate "2015.04.21"]
[SourceVersion "1"]
[SourceVersionDate "2015.04.21"]
[SourceQuality "1"]

1. d4 Nf6 2. c4 g6 3. Nc3 Bg7 4. Nf3 0-0 5. e4 d6 6. Be2 c6 7. 0-0 Bg4 8. Be3 Qa5 9. a3 e5 10. d5 cxd5 11. cxd5 Bxf3 12. Bxf3 Rc8 13. Qd3 Nbd7 14. b4 Qd8 15. Na4 h5 16. Nb2 Nb6 17. a4 Ng4 18. Bxg4 hxg4 19. a5 Nd7 20. a6 b6 21. Rac1 f5 22. Rc6 Nf6 23. exf5 e4 24. Qb3 gxf5 25. Rfc1 Ne8 26. b5 Kh7 27. Bd2 Rcb8 28. h3 Qh4 29. hxg4 Qxg4 30. Nc4 Rd8 31. Bc3 Bh6 32. Re1 Qg6 33. Bd4 Rd7 34. Qh3 Re7 35. Be3 Rd8 36. Bxh6 Qxh6 37. Qxf5+ Kh8 38. Ne5 Kg8 39. Rxe4 Ng7 40. Ng4 Qh1+ 41. Kxh1 Nxf5 42. Nh6+ Kf8 43. Rf4 1-0

[Event "Skopje Karposh op"]
[Site "Skopje"]
[Date "2015.03.28"]
[Round "3"]
[White "Manova, Ivana"]
[Black "Vrban, Rok"]
[Result "0-1"]
[WhiteElo "1618"]
[BlackElo "2124"]
[PlyCount "76"]
[EventDate "2015.03.27"]
[EventType "swiss"]
[EventRounds "9"]
[EventCountry "MKD"]
[SourceTitle "CBM 165 Extra"]
[Source "ChessBase"]
[SourceDate "2015.04.21"]
[SourceVersion "1"]
[SourceVersionDate "2015.04.21"]
[SourceQuality "1"]

1. e4 d6 2. d4 Nf6 3. Nc3 g6 4. f4 Bg7 5. Nf3 c5 6. dxc5 Qa5 7. Bd2 Qxc5 8. Bb5+ Bd7 9. Qe2 a6 10. Bxd7+ Nbxd7 11. Qe3 0-0 12. 0-0 Rac8 13. Qxc5 Nxc5 14. Rfe1 Rfd8 15. Rad1 Kf8 16. Be3 Ng4 17. Bd4 Bxd4+ 18. Nxd4 b5 19. h3 Nf6 20. e5 dxe5 21. Rxe5 Ncd7 22. Re3 Nb6 23. Red3 Rd6 24. Nce2 Nc4 25. Rb1 Rcd8 26. b3 Na3 27. Rbd1 Rc8 28. c3 Rcd8 29. Nc1 Nd5 30. Nce2 e6 31. Kf2 Rc8 32. Kf3 Rd7 33. Rc1 Ke8 34. g3 Rdc7 35. Ke4 Ke7 36. Nf3 f5+ 37. Ke5 Rc5 38. Kd4 Rc4+ 0-1

[Event "SLO-chT1 East"]
[Site "Sentjur"]
[Date "2013.10.17"]
[Round "1"]
[White "Smon, Gregor"]
[Black "Vrban, Rok"]
[Result "0-1"]
[WhiteElo "2012"]
[BlackElo "2090"]
[PlyCount "76"]
[EventDate "2013.10.17"]
[EventType "team-tourn"]
[EventRounds "9"]
[EventCountry "SLO"]
[SourceTitle "EXT 2015"]
[Source "ChessBase"]
[SourceDate "2014.11.20"]
[SourceVersion "1"]
[SourceVersionDate "2014.11.20"]
[SourceQuality "1"]

1. e4 e5 2. Nf3 Nf6 3. Nc3 Nc6 4. Bb5 Bb4 5. 0-0 0-0 6. d3 Re8 7. Bg5 Bxc3 8. bxc3 d6 9. Re1 h6 10. Bh4 a6 11. Bxc6 bxc6 12. d4 Bg4 13. h3 Bxf3 14. Qxf3 Rb8 15. Rad1 Qe7 16. Qd3 g5 17. Bg3 Rb6 18. f3 Reb8 19. dxe5 dxe5 20. Bf2 Rb2 21. Qxa6 Rxc2 22. Rb1 Rxb1 23. Rxb1 Qd7 24. a4 Qd2 25. Qa7 Nh5 26. Qc5 Nf4 27. Rb8+ Kh7 28. Rh8+ Kg6 29. Rg8+ Kf6 30. Rh8 Rxc3 31. Qf8 Rc1+ 32. Kh2 Qxf2 33. Qd8+ Kg6 34. Qg8+ Kf6 35. Qd8+ Kg6 36. Qg8+ Kh5 37. Qxf7+ Ng6 38. Rg8 Kh4 0-1

[Event "Sentjur Ipavec Memorial 11th"]
[Site "Sentjur"]
[Date "2010.09.21"]
[Round "7"]
[White "Pesec, Franc"]
[Black "Vrban, Rok"]
[Result "0-1"]
[WhiteElo "2150"]
[BlackElo "2027"]
[PlyCount "68"]
[EventDate "2010.09.17"]
[EventType "swiss"]
[EventRounds "9"]
[EventCountry "SLO"]
[SourceTitle "CBM 138 Extra"]
[Source "ChessBase"]
[SourceDate "2010.10.29"]
[SourceVersion "1"]
[SourceVersionDate "2010.10.29"]
[SourceQuality "1"]

1. e4 e5 2. Nf3 Nc6 3. Bb5 a6 4. Ba4 Nf6 5. 0-0 b5 6. Bb3 Bc5 7. c3 d6 8. d4 Bb6 9. dxe5 Nxe5 10. Nxe5 dxe5 11. Qxd8+ Kxd8 12. Bg5 Ke7 13. Nd2 Be6 14. Bc2 h6 15. Bh4 g5 16. Bg3 Nd7 17. Rfe1 f6 18. a4 Rhd8 19. Nf1 Nc5 20. b4 Nxa4 21. Bxa4 bxa4 22. Rxa4 a5 23. Rea1 Bb3 24. R4a3 a4 25. Ne3 Bxe3 26. fxe3 Rd3 27. Rc1 Rxe3 28. Kf2 Rxe4 29. Kf3 Rc4 30. Bf2 Rd8 31. Bc5+ Ke6 32. Ke3 f5 33. Raa1 Re4+ 34. Kf2 Rd2+ 0-1

[Event "Sentjur Ipavec Memorial 11th"]
[Site "Sentjur"]
[Date "2010.09.19"]
[Round "4"]
[White "Vidic, Teja"]
[Black "Vrban, Rok"]
[Result "0-1"]
[WhiteElo "1767"]
[BlackElo "2027"]
[PlyCount "104"]
[EventDate "2010.09.17"]
[EventType "swiss"]
[EventRounds "9"]
[EventCountry "SLO"]
[SourceTitle "CBM 138 Extra"]
[Source "ChessBase"]
[SourceDate "2010.10.29"]
[SourceVersion "1"]
[SourceVersionDate "2010.10.29"]
[SourceQuality "1"]

1. e4 Nc6 2. d4 e5 3. Nf3 exd4 4. Nxd4 Nf6 5. Nxc6 bxc6 6. e5 Qe7 7. Qe2 Nd5 8. c4 Nb6 9. Nc3 a5 10. b3 a4 11. Rb1 axb3 12. axb3 Qh4 13. Qe4 Qxe4+ 14. Nxe4 Bb4+ 15. Bd2 Bxd2+ 16. Nxd2 0-0 17. f4 f6 18. exf6 Rxf6 19. g3 Ra2 20. Bh3 d6 21. Bxc8 Nxc8 22. Kd1 Ne7 23. Re1 Kf7 24. Ne4 Rg6 25. Ng5+ Ke8 26. Re2 Rxe2 27. Kxe2 h6 28. Nf3 Re6+ 29. Kf2 c5 30. Re1 Kd7 31. g4 Nc6 32. g5 Rxe1 33. Kxe1 Ke6 34. Kd2 Na5 35. Kc3 Kf5 36. b4 Nb7 37. gxh6 gxh6 38. bxc5 Nxc5 39. Nd4+ Kxf4 40. Nb5 Ne6 41. Kd3 Kf3 42. Nd4+ Nxd4 43. Kxd4 c6 44. Kd3 h5 45. c5 d5 46. Kd4 h4 47. Ke5 h3 48. Kd6 d4 49. Kxc6 d3 50. Kb7 d2 51. c6 d1Q 52. c7 Qc2 0-1

[Event "SLO-chT U20"]
[Site "Nova Gorica"]
[Date "2009.08.24"]
[Round "4"]
[White "Vrban, Rok"]
[Black "Turek, Lan Timotej"]
[Result "0-1"]
[WhiteElo "2026"]
[BlackElo "1922"]
[PlyCount "104"]
[EventDate "2009.08.22"]
[EventType "team-tourn"]
[EventRounds "9"]
[EventCountry "SLO"]
[SourceTitle "CBM 132 Extra"]
[Source "ChessBase"]
[SourceDate "2009.11.03"]
[SourceVersion "1"]
[SourceVersionDate "2009.11.03"]
[SourceQuality "1"]

1. Nf3 Nf6 2. d4 d5 3. g3 g6 4. Bg2 Bg7 5. c4 c6 6. 0-0 0-0 7. Nc3 dxc4 8. h3 b5 9. Ne5 Qb6 10. a4 Bb7 11. a5 Qa6 12. b4 Nbd7 13. Bg5 Rfe8 14. e3 Rad8 15. Bxf6 Nxf6 16. Qf3 Ba8 17. Qf4 Rf8 18. g4 Nd5 19. Bxd5 cxd5 20. Qg3 f6 21. Nf3 Qc6 22. a6 e5 23. Ra5 Rb8 24. Rd1 e4 25. Ne1 Rfe8 26. g5 Bf8 27. Rb1 Bd6 28. Qh4 Bc7 29. Ra2 Qd6 30. gxf6 Rf8 31. f4 exf3 32. Nxf3 Qxf6 33. Rf2 Qxh4 34. Nxh4 Bg3 35. Rxf8+ Rxf8 36. Ng2 Bc6 37. Rf1 Bh2+ 38. Kxh2 Rxf1 39. Nf4 Rc1 40. Nfe2 Ra1 41. Kg3 Kf7 42. Kf4 Kf6 43. e4 g5+ 44. Ke3 Ra3 45. e5+ Kg6 46. Kf3 Rxa6 47. h4 h6 48. Kg4 h5+ 49. Kg3 Ra3 50. hxg5 Kxg5 51. e6 a5 52. Kf2 axb4 0-1

[Event "SLO-chT U20"]
[Site "Nova Gorica"]
[Date "2009.08.23"]
[Round "2"]
[White "Vrban, Rok"]
[Black "Hiti, Domen"]
[Result "1/2-1/2"]
[WhiteElo "2026"]
[BlackElo "1865"]
[PlyCount "46"]
[EventDate "2009.08.22"]
[EventType "team-tourn"]
[EventRounds "9"]
[EventCountry "SLO"]
[SourceTitle "CBM 132 Extra"]
[Source "ChessBase"]
[SourceDate "2009.11.03"]
[SourceVersion "1"]
[SourceVersionDate "2009.11.03"]
[SourceQuality "1"]

1. Nf3 d5 2. d4 Nf6 3. g3 e6 4. Bg2 c5 5. 0-0 Nc6 6. b3 cxd4 7. Nxd4 Nxd4 8. Qxd4 Qc7 9. Bf4 Qb6 10. Be3 Qxd4 11. Bxd4 Bd7 12. Nd2 Rc8 13. c3 b6 14. e4 dxe4 15. Nxe4 Nxe4 16. Bxe4 f6 17. f4 Bc5 18. Rfd1 Ke7 19. Bxc5+ Rxc5 20. Rd3 g6 21. Rad1 Rc7 22. Kf2 Rhc8 23. Ke1 Be8 1/2-1/2

[Event "SLO Cup"]
[Site "Otocec"]
[Date "2009.05.24"]
[Round "5"]
[White "Vrban, Rok"]
[Black "Bulatovic, Milorad"]
[Result "1-0"]
[WhiteElo "2017"]
[BlackElo "1975"]
[PlyCount "97"]
[EventDate "2009.05.22"]
[EventType "team-tourn"]
[EventRounds "5"]
[EventCountry "SLO"]
[SourceTitle "CBM 130 Extra"]
[Source "ChessBase"]
[SourceDate "2009.07.02"]
[SourceVersion "2"]
[SourceVersionDate "2009.07.15"]
[SourceQuality "1"]

1. e4 e5 2. Nc3 Nc6 3. Bc4 Nf6 4. d3 Na5 5. Nge2 Nxc4 6. dxc4 c6 7. Bg5 Be7 8. Bxf6 Bxf6 9. Qd3 0-0 10. 0-0-0 Qa5 11. g3 a6 12. Kb1 b5 13. Nc1 Qb6 14. f4 Rb8 15. Nb3 a5 16. c5 Qa7 17. a4 b4 18. Na2 Be7 19. Nac1 Bxc5 20. Nxc5 Qxc5 21. Nb3 Qe7 22. Qd6 Qxd6 23. Rxd6 exf4 24. gxf4 Ra8 25. Rhd1 f6 26. Nc5 Re8 27. b3 Ra7 28. Kc1 Re7 29. R1d4 Kf7 30. Kd2 Ke8 31. h4 Ba6 32. Ke1 Bc8 33. Kf2 Kf7 34. h5 g6 35. hxg6+ hxg6 36. Rd3 Kg7 37. Rg3 Kf7 38. e5 fxe5 39. Rdxg6 exf4 40. Rg7+ Kf6 41. R3g6+ Kf5 42. Rg5+ Kf6 43. R7g6+ Kf7 44. Rd6 Ba6 45. Kf3 Bf1 46. Kxf4 Bh3 47. Rh6 Be6 48. Ne4 Bd5 49. Nd6+ 1-0

[Event "SLO Cup"]
[Site "Otocec"]
[Date "2009.05.23"]
[Round "2"]
[White "Zupancic, Jernej"]
[Black "Vrban, Rok"]
[Result "1/2-1/2"]
[WhiteElo "2021"]
[BlackElo "2017"]
[PlyCount "89"]
[EventDate "2009.05.22"]
[EventType "team-tourn"]
[EventRounds "5"]
[EventCountry "SLO"]
[SourceTitle "CBM 130 Extra"]
[Source "ChessBase"]
[SourceDate "2009.07.02"]
[SourceVersion "2"]
[SourceVersionDate "2009.07.15"]
[SourceQuality "1"]

1. e4 e5 2. Nf3 Nc6 3. Bb5 a6 4. Ba4 Nf6 5. 0-0 b5 6. Bb3 Bc5 7. a4 Rb8 8. c3 d6 9. h3 0-0 10. axb5 axb5 11. d4 Bb6 12. Re1 Bb7 13. Bg5 Re8 14. d5 Ne7 15. Nh2 Bc8 16. Bxf6 gxf6 17. Ng4 Bxg4 18. hxg4 Ng6 19. g3 Kg7 20. Kg2 Rh8 21. Rh1 Qc8 22. Qf3 b4 23. c4 Bd4 24. Qe2 c6 25. Ra2 Ra8 26. Rxa8 Qxa8 27. Qd2 cxd5 28. cxd5 Qa1 29. Nc3 Nf4+ 30. gxf4 bxc3 31. bxc3 Qxc3 32. Qxc3 Bxc3 33. f5 Bd4 34. Bc4 Rb8 35. Be2 Rb2 36. Kf3 Bc5 37. Rh5 Rb1 38. Kg2 Re1 39. Bf3 Bd4 40. Rh1 Rxh1 41. Kxh1 Bxf2 42. Kg2 Be1 43. Be2 Kh6 44. Kf3 Kg5 45. Bd3 1/2-1/2